| 000 | 00983nam a2200241Ia 4500 | ||
|---|---|---|---|
| 001 | Para_9938 | ||
| 008 | 220602s9999 xx 000 0 und d | ||
| 090 | _aPA CD - TESIS 17 | ||
| 100 |
_aSánchez Aldaco, Missael _9107312 |
||
| 245 | _aResistencia de Avena fatua a Herbicidas inhibidores de la Accasa y Als en el Bajio Guanajuatense / Missael Sánchez Aldaco; Director Jose Antonio Tafoya Razo | ||
| 260 | _aChapingo, Méx.: el autor | ||
| 300 | _a1 CD ROM (50 p.) | ||
| 500 | _aTesis (Ing. Agr. Esp. en Parasitología Agrícola). UACh. Departamento Parasitología Agrícola. | ||
| 650 | _a1.Malas hierbas - resistencia a herbicidas | ||
| 650 | _aCereales - Malas hierbas - Control | ||
| 700 |
_aI. Tafoya Razo, Jose Antonio, Director _9175055 |
||
| 710 |
_aUACh Departamento Parasitología Agrícola.Ì _9185036 |
||
| 901 | _aPA CD - TESIS 17 | ||
| 902 | _aM | ||
| 905 | _a5132202010 amn 8100000000 06 | ||
| 942 | _c2 | ||
| 999 |
_c217251 _d217251 |
||